|
|
|
|
| LEADER |
00000nam0a2200000 4500 |
| 001 |
237493 |
| 005 |
20231101231536.0 |
| 010 |
|
|
|a 9785496002349
|
| 035 |
|
|
|a (RuTPU)RU\TPU\book\258667
|
| 090 |
|
|
|a 237493
|
| 100 |
|
|
|a 20130516d2013 km y0rusy50 ca
|
| 101 |
0 |
|
|a rus
|
| 102 |
|
|
|a RU
|
| 105 |
|
|
|a y z 000zy
|
| 200 |
1 |
|
|a Психология помощи. Альтруизм, эгоизм, эмпатия
|f Е. П. Ильин
|
| 210 |
|
|
|a Санкт-Петербург
|c Питер
|d 2013
|
| 215 |
|
|
|a 304 с.
|
| 225 |
1 |
|
|a Мастера психологии
|
| 330 |
|
|
|a В новой книге профессора Е. П. Ильина затронута проблема помогающего поведения, проблема актуальная и междисциплинарная, решать которую призваны психология, социология, философия, педагогика и медицина. Первая часть книги посвящена психологии помогающего поведения и личностным особенностям, способствующим или препятствующим такому поведению (альтруизм, эгоизм и пр.), вторая — описанию помогающих профессий. Книга содержит методики, которые могут быть использованы как в практической деятельности специалистов, так и при изучении указанной проблемы исследователями. Издание адресовано широкому кругу специалистов из числа психологов, врачей, педагогов, социальных работников, а также преподавателям и студентам вузовских факультетов соответствующих профилей.
|
| 606 |
1 |
|
|a Поведение
|x Психология
|2 stltpush
|3 (RuTPU)RU\TPU\subj\49476
|9 68274
|
| 610 |
1 |
|
|a альтруизм
|
| 610 |
1 |
|
|a эгоизм
|
| 610 |
1 |
|
|a эмпатия
|
| 610 |
1 |
|
|a помогающее поведение
|
| 610 |
1 |
|
|a филантропия
|
| 610 |
1 |
|
|a благотворительность
|
| 610 |
1 |
|
|a спонсорство
|
| 610 |
1 |
|
|a психологические характеристики
|
| 610 |
1 |
|
|a деструкция
|
| 610 |
1 |
|
|a спасательные службы
|
| 610 |
1 |
|
|a социальные работники
|
| 610 |
1 |
|
|a служба занятости
|
| 610 |
1 |
|
|a профессиональная деформация
|
| 610 |
1 |
|
|a выгорание
|
| 610 |
1 |
|
|a помогающее профессии
|
| 610 |
1 |
|
|a педагогические работники
|
| 610 |
1 |
|
|a медицинские работники
|
| 610 |
1 |
|
|a методики
|
| 610 |
1 |
|
|a тестирование
|
| 610 |
1 |
|
|a помощь нуждающимся
|
| 686 |
|
|
|a Ю936
|v LBC/SL-A
|2 rubbk
|
| 700 |
|
1 |
|a Ильин
|b Е. П.
|g Евгений Павлович
|
| 801 |
|
1 |
|a RU
|b 63413507
|c 20130516
|
| 801 |
|
2 |
|a RU
|b 63413507
|c 20130701
|g RCR
|
| 942 |
|
|
|c BK
|
| 959 |
|
|
|a 91/20130515
|d 1
|e 419,00
|f ЧЗГЛ:1
|